Stolice Republik w Federacji Rosyjskiej - Statystyki

Ogólne statystyki
  • Ten quiz został rozwiązany 183 razy
  • Średni wynik to 12 z 22
Statystyki odpowiedzi
Republika Stolica % Poprawnych
Tatarstan Kazań
83%
Czeczenia Grozny
82%
Jakucja/Sacha Jakuck
80%
Baszkortostan/Baszkiria Ufa
73%
Dagestan Machaczkała
70%
Krym Symferopol
68%
Osetia Północna Władykaukaz
65%
Buriacja Ułan Ude
60%
Mordowia Sarańsk
53%
Karelia Pietrozawodsk
52%
Tuwa Kyzył
47%
Adygeja Majkop
47%
Kabardo-Bałkaria Nalczyk
47%
Komi Syktywkar
47%
Ałtaj Gornoałtajsk
45%
Mari El Joszkar-Oła
45%
Karaczajo-Czerkiesja Czerkiesk
43%
Udmurcja Iżewsk
43%
Kałmucja Elista
42%
Inguszetia Magas
42%
Chakasja Abakan
40%
Czuwaszja Czeboksary
40%
Nie znaleziono quizów pasujących do podanych kryteriów
Rozkład punktacji
Procent ludzi z każdym wynikiem
Percentyl według liczby udzielonych odpowiedzi
Twoja historia wyników
Nie rozwiązałeś tego quizu